La garantía legal

Guardat en:
Dades bibliogràfiques
Autor principal: Barrientos Camus, Francisca (Autor)
Format: Llibre
Idioma:espanyol
Publicat: Santiago Thomson Reuters La ley 2016
Edició:1a. ed
Col·lecció:Monografías
Matèries:
Etiquetes: Afegir etiqueta
Sense etiquetes, Sigues el primer a etiquetar aquest registre!

MARC

LEADER 00000cam a2200000 a 4500
001 UCD4596
003 CL-VaPUC
008 160713e20160400cl |||||||||||||||||spa|d
020 |a 9789563467918 
082 0 4 |a 343.83071  |b BAR  |2 21 
100 |a Barrientos Camus, Francisca  |e author  |9 588320 
245 1 3 |a La garantía legal 
250 |a 1a. ed 
300 |a 325 p 
942 |c BK 
945 |d 20160713 20:53:00  |a arojas 
260 |a Santiago  |b Thomson Reuters La ley  |c 2016 
650 0 |a Protección del consumidor  |9 474424 
650 7 |a LEY DE PROTECCION DEL CONSUMIDOR  |2 CL-VaPUC  |9 528882 
650 0 |a Consumidores  |9 315658 
650 0 |a Garantías  |9 385837 
650 0 |a Contratos comerciales  |9 374028 
583 |a last modification  |c 20190729 11:50:54  |k Rodrigo Vera 
490 0 |a Monografías 
999 |c 365479  |d 365477 
952 |0 0  |1 0  |3 erb  |4 0  |6 343_830710000000000_BAR_2016  |7 0  |8 A  |9 479344  |a BIBDER  |b BIBDER  |i 5296943  |o 343.83071 BAR 2016  |p 5296943  |r 2023-01-25  |w 2019-11-24  |y BK  |z Catalogado en:20160713  |k DER 
952 |0 0  |1 0  |3 erb  |4 0  |6 343_830710000000000_BAR_2016  |7 0  |8 A  |9 479345  |a BIBDER  |b BIBDER  |i 5297966  |l 1  |m 6  |o 343.83071 BAR 2016  |p 5297966  |q 2025-12-31  |r 2020-02-26  |s 2020-02-26  |w 2019-11-24  |y BK  |z Catalogado en:20160713  |k DER